书目信息 |
| 题名: |
截拳道兵器至尊
|
|
| 作者: | 李伟凡 著 | |
| 分册: | ||
| 出版信息: | 北京 经济管理出版社 2007 |
|
| 页数: | 285页 | |
| 开本: | 26cm | |
| 丛书名: | ||
| 单 册: | ||
| 中图分类: | G852.25 | |
| 科图分类: | ||
| 主题词: | 棍术(武术)--中国 , 棍术(武术) | |
| 电子资源: | ||
| ISBN: | 978-7-80207-978-6 | |
| 000 | 00933nam0 2200253 45 | |
| 001 | 1130744452 | |
| 005 | 20110310095317.40 | |
| 010 | @a978-7-80207-978-6@dCNY32.00 | |
| 100 | @a20110122d2007 em y0chiy50 ea | |
| 101 | 0 | @achi |
| 102 | @aCN@b110000 | |
| 105 | @aa z 000yy | |
| 106 | @ar | |
| 200 | 1 | @a截拳道兵器至尊@AJie Quan Dao Bing Qi Zhi Zun@e双节棍终极自修宝典@EShuang Jie Gun Zhong Ji Zi Xiu Bao Dian@f李伟凡著@FLi Wei Fan Zhu |
| 210 | @a北京@c经济管理出版社@d2007 | |
| 215 | @a285页@c图,照片@d26cm | |
| 330 | @a本书共分八个部分,由棍道入门起始,循序渐进,经品势、步法、无极旋风三十六式、超体能训练、奇正十三式、高级连动技巧,至无极限棍搏术终。 | |
| 517 | 1 | @a双节棍终极自修宝典@AShuang Jie Gun Zhong Ji Zi Xiu Bao Dian |
| 606 | 0 | @a棍术(武术)@y中国 |
| 606 | 0 | @a棍术(武术) |
| 690 | @aG852.25@v4 | |
| 701 | 0 | @a李伟凡@ALi Wei Fan@4著 |
| 801 | 0 | @aCN@bTANGWEI@c20110310 |
| 905 | @b0531985-88@dG852.25@e217@f4 | |
| 截拳道兵器至尊:双节棍终极自修宝典/李伟凡著.-北京:经济管理出版社,2007 |
| 285页:图,照片;26cm |
| ISBN 978-7-80207-978-6:CNY32.00 |
| 本书共分八个部分,由棍道入门起始,循序渐进,经品势、步法、无极旋风三十六式、超体能训练、奇正十三式、高级连动技巧,至无极限棍搏术终。 |
| ● |
| 相关链接 |
|
|
|
|
正题名:截拳道兵器至尊
索取号:G852.25/217
 
预约/预借
| 序号 | 登录号 | 条形码 | 馆藏地/架位号 | 状态 | 备注 |
| 1 | 0531985 | 205319859 | 第一样本阅览室/ [索取号:G852.25/217] | 在馆 | |
| 2 | 0531986 | 205319868 | 第四借阅区/ [索取号:G852.25/217] | 在馆 | |
| 3 | 0531987 | 205319877 | 第四借阅区/ [索取号:G852.25/217] | 在馆 | |
| 4 | 0531988 | 205319886 | 密集书库-体育系/ [索取号:G852.25/217] | 在馆 |